| 000 | 00675nam a2200265Ia 4500 | ||
|---|---|---|---|
| 001 | 9049 | ||
| 005 | 20240113234148.0 | ||
| 007 | ta | ||
| 008 | 050722s1957 a g b000 u eng u | ||
| 040 | _aCotton College Assam | ||
| 041 | _aeng | ||
| 082 |
_a823.09 _bSt 49 J |
||
| 100 | _aStewart, J.I.M.. | ||
| 245 | 0 |
_aJames Joyce / _cJ.I.M.Stewart. _hTextual Documents |
|
| 250 | _a1st ed / | ||
| 260 |
_aNew York : _bLongmans Green & Co , _c1957. |
||
| 300 |
_a44p. : _bill. ; _c21cm. . |
||
| 504 | _aBib | ||
| 653 | _aEnglish novel-Criticism | ||
| 653 | _aMS-English | ||
| 653 | _aRare-English | ||
| 942 |
_2ddc _cBK |
||
| 999 |
_c9036 _d9036 |
||